00542nam a2200157 4500999001900000008004100019100002100060245008900081260000900170300001300179700002800192773001300220906002900233942001200262952011000274 c507592d507592190219b ||||| |||| 00| 0 eng d aAlok, V.N.92017 aTwenty-five years of local governments in India:btime to redefine and restructure? c2018 ap.42-56. aVashist, Ashutosh92018 aNagarlok aLocal government - India 2ddccAR 00102ddc40709381615aIIPAbIIPAd2019-02-19h50(1), Jan-Mar, 2018: p.42-56.pAR118938r2019-02-19yAR